| 000 -LEADER |
| fixed length control field |
01318cam a2200373 a 4500 |
| 001 - CONTROL NUMBER |
| control field |
016137376 |
| 003 - CONTROL NUMBER IDENTIFIER |
| control field |
UkOxU |
| 005 - DATE AND TIME OF LATEST TRANSACTION |
| control field |
20190809103821.0 |
| 008 - FIXED-LENGTH DATA ELEMENTS--GENERAL INFORMATION |
| fixed length control field |
060429r20062004enk b 001 0 eng |
| 015 ## - NATIONAL BIBLIOGRAPHY NUMBER |
| National bibliography number |
GBA662031 |
| Source |
bnb |
| 020 ## - INTERNATIONAL STANDARD BOOK NUMBER |
| International Standard Book Number |
9780141181905 (pbk.) |
| 020 ## - INTERNATIONAL STANDARD BOOK NUMBER |
| International Standard Book Number |
0141181907 (pbk.) |
| 035 ## - SYSTEM CONTROL NUMBER |
| System control number |
(Uk)013511473 |
| 040 ## - CATALOGING SOURCE |
| Original cataloging agency |
StDuBDS |
| Language of cataloging |
eng |
| Transcribing agency |
StDuBDS |
| Modifying agency |
UkOxU |
| 082 04 - DEWEY DECIMAL CLASSIFICATION NUMBER |
| Classification number |
821.912 PEN |
| Edition number |
22 |
| 130 0# - MAIN ENTRY--UNIFORM TITLE |
| Uniform title |
In Flanders fields |
| 245 14 - TITLE STATEMENT |
| Title |
The Penguin book of First World War poetry / |
| Statement of responsibility, etc. |
edited by George Walter. |
| 246 30 - VARYING FORM OF TITLE |
| Title proper/short title |
First World War poetry |
| 246 30 - VARYING FORM OF TITLE |
| Title proper/short title |
In Flanders fields |
| 260 ## - PUBLICATION, DISTRIBUTION, ETC. |
| Place of publication, distribution, etc. |
London : |
| Name of publisher, distributor, etc. |
Penguin, |
| Date of publication, distribution, etc. |
2006. |
| 300 ## - PHYSICAL DESCRIPTION |
| Extent |
liv, 383 p. ; |
| Dimensions |
20 cm. |
| 490 1# - SERIES STATEMENT |
| Series statement |
Penguin classics |
| 500 ## - GENERAL NOTE |
| General note |
Originally published as "In Flanders fields : poetry of the First World War": London : Allen Lane, 2004. Published under the current title with an updated introduction in Penguin Classics 2006. |
| 504 ## - BIBLIOGRAPHY, ETC. NOTE |
| Bibliography, etc. note |
Includes bibliographical references and index. |
| 650 #0 - SUBJECT ADDED ENTRY--TOPICAL TERM |
| Topical term or geographic name entry element |
War poetry, English. |
| 650 #0 - SUBJECT ADDED ENTRY--TOPICAL TERM |
| Topical term or geographic name entry element |
World War, 1914-1918 |
| Form subdivision |
Poetry. |
| 700 1# - ADDED ENTRY--PERSONAL NAME |
| Personal name |
Walter, George. |
| 830 #0 - SERIES ADDED ENTRY--UNIFORM TITLE |
| Uniform title |
Penguin classics. |
| 942 ## - ADDED ENTRY ELEMENTS (KOHA) |
| Source of classification or shelving scheme |
|
| Koha item type |
Books - Non Ficton |